Les films de Fernandel - plusieurs possibilités - Statistiques

Statistiques générales
  • Ce quiz a été pris 7 fois
  • Le résultat moyen est 12 sur 20
Statistiques - réponses
Une préfecture commençant par... Villes % Correct
C Coeur de Lilas | Le Coq du régiment | Le Chéri de sa concierge | Le cavalier Lafleur | Un carnet de bal | Les cinq sous de Lavarède | Un chapeau de paille d'Italie | Le Club des soupirants | La Cavalcades des heures | Coeur de Coq | Casimir | Coiffeur pour Dames | Carnaval | Le Couturier de ces dames | Le chômeur de Clochemerle | Le Confident de ces dames | Crésus | Le Caïd | Cocagne | La Cuisine au beurre
100%
D Les Dégourdis de la 11e | Don Juan | Dynamite | Don Camillo Monseigneur | Le Diable et les Dix commandements | Don Camillo en Russie
86%
T Le Train de 8h47 | Tricoche et Cacolet | Tu m'as sauvé la vie | Topaze | La Table aux crevés | Le tour du monde en 80 jours
86%
P Paris Béguin | Pas de femmes | La Porteuse de pain | Les Petits riens | Petrus | Le Petit monde de don Camillo | Le Printemps, l'automne et l'amour
86%
V Une vie de chien | La Vie à deux | Les Vignes du Seigneur | La Vache et le Prisonnier | Le Voyage à Biarritz | Le Voyage du Père
86%
A D'amour et d'eau fraiche | Adémaï aviateur | Angèle | L'Acrobate | Adrien | L'Aventure de Cabassou | L'Armoire volante | Adhémar ou le jouet de la fatalité | L'auberge rouge | Ali Baba et les quarante voleurs | A Paris tous les deux | L'Assassin est dans l'annuaire | L'âge ingrat
71%
I Ignace
71%
G Les Gaités de l'escadron | La Garnison amoureuse | Les Gaités de la Finance | Les Gueux du Paris | La Grande bagarre de don Camillo | Le Grand chef
71%
F Ferdinand le noceur | François 1er | Fric-frac | La Fille du puisatier | Le Fruit défendu
57%
R Le Rosier de Mme Husson | Les rois du sport | Regain | Raphaël le Tatoué | Le Retour de don Camillo | Relaxe-toi Chérie
57%
S Le Schpountz | Simplet | Si ça peut vous faire plaisir | Sous le ciel de Provence | Sénéchal le Magnifique
57%
H Un homme sans nom | L'Hôtel du libre échange | Hercule | L'Héritier des Mondésir | L'héroïque Monsieur Boniface | Honoré de Marseille | L'Homme a l'imperméable | L'Homme à la Buick | Heureux qui comme Ulysse
57%
L La Loi, c'est la loi
43%
B Le Blanc et le Noir | Les Bleus de la Marine | Barnabé | Berlingot et Compagnie | La Bonne étoile | Boniface somnambule | Le Boulanger de Valorgue | Blague dans le coin | Le Bon roi Dagobert | La Bourse et la Vie
43%
J Le Jugement de minuit | Jim la Houlette | Josette | Je suis de la revue | Le Jugement dernier
43%
M Monsieur Hector | Le Mystère Saint-Val | Meurtres | Mam'zelle Nitouche | Le Mouton à cinq pattes
43%
E Ernest le rebelle | Emile l'Africain | L'Ennemi public | En avant la musique
29%
O On purge bébé | L'Ordonnance | On demande un assassin
29%
U Un de la Légion | Uniformes et grandes manoeuvres
29%
N Une nuit de folie | La Nuit merveilleuse | Ne le criez pas sur les toits | Naïs
29%
Aucun quiz correspondant
Distribution des résultats
% des personnes avec chaque résultat
Percentile par nombre de réponses
Votre historique - résultats
Vous n’avez pas pris ce quiz